000 00361nam a2200145Ia 4500
008 230917s9999||||xx |||||||||||||| ||und||
040 _e99995
_aMAIN
041 _aEnglish
082 _a004.78 O2I
100 _aOberg, Robert J
245 0 _aIntroduction to C++ using .net
260 _aNew Delhi
_bPearson Education
_c2002
300 _a452 p.
942 _cBK
999 _c111033
_d111033